000 00843nam a22002177a 4500
999 _c11721
_d11721
003 AR-CdUCM
008 190404b ||||| |||| 00| 0 spa d
040 _aMUNICIPALIDAD PROVINCIAL DEL CUSCO
_cBIBLIOTECA MUNICIPAL DEL CUSCO
082 _a616 /
_bB55 / 1938
100 _aBircher Benner, M,
_929215
245 _aComo prevenir las enfermedades incurables /
260 _aBuenos Aires :
_bOrientación integral humana,
_c1938.
300 _a133 páginas ;
_c18 cm.
_bIlustraciones, fotografías
505 _aContenido : El infierno de lo incurable -- Las causas de lo incurable -- Los principales errores en la alimentación de los pueblos civilizados ...
650 _aEnfermedad
_919479
650 _aSalud
_98684
650 _aPrevención
_99797
700 _aRofes, Cosme
_929216
942 _2ddc
_cLIBROS
945 _arah
_d04/04/2019